000 00461nam a2200157 4500
001 137742
003 ES-MaACL
005 20251224063019.0
007 t|
008 070214s1912 sp r ||||1| spa d
100 0 _aSalido, Juan Antonio,
_d1864-1929
_9101920
245 1 0 _aAmapolas
_b: poesías /
_cJuan Antonio Salido.
260 _aCádiz :
_b[s. n.],
_c1912 (
_fImp. de Manuel Alvarez)
852 _aES-MaACL
_jT-1446-F-1
999 _c137742
_d137742